| 000 | 00680nam a2200229 i 4500 | ||
|---|---|---|---|
| 001 | bg | ||
| 245 | 0 | 0 |
_aKsięga przysłów polskich / _czebrali i oprac. Danuta i Włodzimierz Masłowscy. |
| 260 |
_aKęty : _b"Antyk", _c2000. |
||
| 300 |
_a601, [2] s. ; _c24 cm. |
||
| 504 | _aBibliogr. | ||
| 650 | 9 | _aPrzysłowia polskie | |
| 700 | 1 |
_aMASŁOWSKA, Danuta. _eOprac. |
|
| 700 | 1 |
_aMASŁOWSKI, Włodzimierz. _eOprac. |
|
| 020 | _a8391175057 | ||
| 040 | _cBPK | ||
| 041 | 0 | _apl | |
| 080 | _a821.162.1-84 | ||
| 920 | _a83-911750-5-7 | ||
| 942 | _cKS | ||
| 008 | s pl f |000 0 pol | ||
| 999 |
_c39730 _d39730 |
||
| 856 |
_uhttp://koha.tu.koszalin.pl/cgi-bin/koha/opac-detail.pl?biblionumber=39730 _yKatalog online BPK |
||